Responses for show #6458 - Wednesday, October 17, 2012

Stephanie Jass game 8.

Contestants

Meredith Lowmaster, a medical research technician from Quincy, Massachusetts

Jan Walkenhorst, a university athletic department tutor from Lincoln, Nebraska

Stephanie Jass, a history professor from Milan, Michigan (whose 7-day cash winnings total $147,570)

Jeopardy! Round responses

(Alex: For 25 years, we have been looking for him...)
WHERE'S WALDO
QUOTABLE NOTABLES
THE BEATLES: THE EARLY YEARS
MAKE ME A DRINK, BARKEEP!
LIVING IN TENTS
"OCC"-UPY JEOPARDY!
    $200 1
Florida

Stephanie
    $200 3
MacArthur

Jan
    $200 4
"I Want To Hold Your Hand"

Meredith
    $200 9
a Long Island iced tea

Stephanie
    $200 23
wigwam

Triple Stumper
    $200 18
broccoli

Stephanie
    $400 2
changing of the guard

Jan
    $400 7
Frank Lloyd Wright

Stephanie
    $400 13
Pete Best

Stephanie
    $400 17
a tequila sunrise

Triple Stumper
    $400 24
a teepee

Stephanie
    $400 19
Morocco

Stephanie
    $600 5
(Stephanie: What is the Reflection Pool?)

the Reflecting Pool

StephanieMeredith
    $600 10
perspiration

Stephanie
    $600 14
Ed Sullivan

Stephanie
    $600 25
an oven

Stephanie
    $600 20
occupant

Jan
    $800 6
(Stephanie: What is St. Louis?)
...
(Alex: [*], yes--Le Bourget. Lindy's landing.)

Paris

StephanieJan
    $800 11
stronger

Jan
    $800 15
Hamburg

Jan
    $800 26
a circus tent

Stephanie
    $800 21
the water moccasin

Meredith
    $1000 8
the Ganges (in India)

Meredith
    $1,200 12
(Jan: Uh, who is Pythagoras?)

Euclid

Jan
    $1000 16
Stu Sutcliffe

Stephanie
    $1000 27
[The end-of-round signal sounds.]

a yurt

Stephanie
    $1000 22
(Alex: Less than a minute now.)

staphylococcus

Stephanie

Scores at the first commercial break (after clue 12):

Stephanie Jan Meredith
$0 $1,000 $1,800

Scores at the end of the Jeopardy! Round:

Stephanie Jan Meredith
$6,400 $2,400 $2,600

Double Jeopardy! Round responses

A NOVEL DEATH
FORMERLY MARRIED
ASTRONOMY
MAKE THE PHRASE
L'HISTOIRE FRANÇAISE
SAFETY IN NUMBERS
    $400 1
Tess

Meredith
    $400 11
Madonna

Stephanie
    $400 14
craters

Triple Stumper
    $400 6
weight

Meredith
    $400 22
[Stephanie uses a perfect French pronunciation when calling the first clue of this category.]
(Alex: Well said.)

Joan of Arc

Jan
    $400 19
blood pressure

Stephanie
    $800 2
Beth

Meredith
    $800 12
Scarlett Johansson

Stephanie
    $800 15
the rings (of Saturn)

Meredith
    $800 7
(Stephanie: What is make good?)

out

Stephanie
Triple Stumper
    $800 23
(Jan: [Calling the second clue in the category] Uh, FRENCH HISTORY for $800.)
...
(Alex: With a minute to go, you are right.)

the Bastille

Jan
    $800 27
[The end-of-round signal sounds.]

CPR

Stephanie
    $1200 3
To Kill a Mockingbird

Jan
    $1200 13
Paula Abdul

Meredith
    $1200 16
(Meredith: What is occludes?)
(Alex: Occludes. Be more specific.)
(Meredith: Occludes the star?)
(Alex: No.)

eclipses

Meredith
Triple Stumper
    $1200 8
haste

Stephanie
    $1200 24
de Gaulle

Jan
    $1600 4
(Alex: And [*] was at the wheel.)

Daisy Buchanan

Triple Stumper
    $1600 20
(Lyle) Lovett

Stephanie
    $4,000 17
Pluto

Meredith
    $1600 9
break

Jan
    $1600 25
Avignon

Stephanie
    $1,600 5
Dorian Gray

Jan
    $2000 21
Kim Basinger

Stephanie
    $2000 18
conjunction

Triple Stumper
    $2000 10
do (makeshift accepted)

Stephanie
    $2000 26
(Jan: Who is, um, Sarkozy?)
...
(Alex: He's the man who succeeded Sarkozy--[*].)

François Hollande

Jan
Triple Stumper

Scores at the end of the Double Jeopardy! Round:

Stephanie Jan Meredith
$16,400 $7,200 $9,000

[wagering suggestions for these scores]

Final Jeopardy! Round responses

COUNTRIES & POPULATIONS
(Alex: [To Meredith] The state is Uttar Pradesh.)
JanWhat is New Je
$4,200
MeredithWhat is India
$7,000
StephanieWhat is Outer Mongolia?
$2,400
India

Final scores:

Stephanie Jan Meredith
$14,000 $3,000 $16,000
2nd place: $2,000 3rd place: $1,000 New champion: $16,000

Game dynamics:

Coryat scores:

Stephanie Jan Meredith
$16,400 $8,800 $6,600
23 R,
3 W
12 R
(including 1 DD),
2 W
(including 1 DD)
10 R
(including 1 DD),
1 W

Combined Coryat: $31,800

The J! Archive is created by fans, for fans. The Jeopardy! game show and all elements thereof, including but not limited to copyright and trademark thereto, are the property of Jeopardy Productions, Inc. and are protected under law. This website is not affiliated with, sponsored by, or operated by Jeopardy Productions, Inc. Join the discussion at JBoard.tv.